00766cam a22002175a 450000100060000000300080000600500170001400800410003102000150007203500190008704000320010604100080013808200250014610000180017124500290018926000460021830000210026485600980028585600750038385600900045813588BD-RjUL20211208235458.0140201s2000 nyu 000 0 eng  a0345434773 a(BD-RjUL)13640 aDLCcDLCdDLCdBD-RjULbeng aeng04221a813.54bGOE 19991 aGodwin, Gail.10aEvensong /cGail Godwin. aNew York, NY :bBallantine Books,cc2000. a405 p. ;c19 cm.423Contributor biographical informationuhttp://www.loc.gov/catdir/bios/random0510/99091874.html413Sample textuhttp://www.loc.gov/catdir/samples/random044/99091874.html423Publisher descriptionuhttp://www.loc.gov/catdir/description/random0411/99091874.html